00326pab a2200109 454500008004000000100001800040245009300058260000900151300001700160650001300177773002600190180718b2011 xxu||||| |||| 00| 0 eng d aSanchez, Omar aFighting tax evasion in Latin America: The contrasting strategies of Chile and Argentina c2011 ap.1107-1125. aTaxation aThird World Quarterly